Angles in Radians on Unit Circle Quiz Stats

 Plays Quiz not verified by Sporcle

Also try: Word Ladder: Puns
Challenge
Share
Tweet
Embed
Score 0/16 Timer 02:00
0 Plays Today
Degrees Radians % Correct
1202n
92.3%
3602n
76.9%
00
61.5%
2404n
53.8%
3005n
53.8%
90n
46.2%
60n
46.2%
2703n
46.2%
Degrees Radians % Correct
1505n
46.2%
45n
38.5%
2255n
38.5%
30n
38.5%
180n
38.5%
2107n
30.8%
1353n
30.8%
33011n
30.8%

You're not logged in!

Compare scores with friends on all Sporcle quizzes.
OR
Log In

You Might Also Like...

Show Comments

Extras

Created Mar 22, 2012ReportNominate
Tags:angle, circle, degree, point, radian, unit

Top Quizzes Today


Score Distribution

Your Account Isn't Verified!

In order to create a playlist on Sporcle, you need to verify the email address you used during registration. Go to your Sporcle Settings to finish the process.

Report this User

Report this user for behavior that violates our Community Guidelines.

Details: